000 00455cam a2200145 4500500
005 20251012020629.0
041 _afre
042 _adc
100 1 0 _ad'Arienzo, María
_eauthor
245 0 0 _aRevues reçues en échange
260 _c2006.
500 _a66
786 0 _nL'Année canonique | XLVIII | 1 | 2006-02-11 | p. 391-393 | 0570-1953
856 4 1 _uhttps://shs.cairn.info/revue-l-annee-canonique-2006-1-page-391?lang=fr&redirect-ssocas=7080
999 _c1536253
_d1536253